| 000 | 00746nam a22002177a 4500 | ||
|---|---|---|---|
| 001 | 00028802 | ||
| 005 | 20260416150947.0 | ||
| 008 | 260416b ag ||||| |||| 00| 0 spa d | ||
| 015 | _q9875188670 | ||
| 040 |
_aAR-CcCEOS _bspa _cAR-CcCEOS |
||
| 041 | _aspa | ||
| 080 | _a94(430)"1939/1945" | ||
| 090 | _bKOR | ||
| 100 | 1 |
_aKoralski, Vŭti︠u︡, _d1918- _91070 |
|
| 245 |
_aLa historia la escriben los vencedores: ¿y la verdadera? : _bEL SOBREVIVIENTE de Alemania en llamas y del terror soviético / _cVatiu Koralsky |
||
| 250 | _a1ª ed. | ||
| 264 |
_aArgentina : _bVatiu Koralsky, _cc2003. |
||
| 300 |
_a305 p. ; _c24x15 cm. |
||
| 655 | 0 |
_ahistoria _vhistoria antigua _xhabitos del pasado _xcostumbres del pasado _958 |
|
| 942 |
_2udc _cBK _n0 |
||
| 999 |
_c28838 _d28838 |
||